000 00305nam a2200121Ia 4500
008 241015s9999 xx 000 0 und d
041 _aeng
082 _a658.8342 NEL
100 _aAriana Nelson
245 _aConsumer Behavior
260 _bMurphy & Moore Publishing
_aUSA
_c2021
300 _a237;. P. 24 cm
999 _c41763
_d41763